Представление документа в формате RUSMARC

ПолеНазваниеЗначение
  Тип записи a
  Библиографический уровень m
001 Контрольный номер 6fa17c83c9ff405ea9958d29d028db7c
005 Дата корректировки 20201206205207.1
010 Индекс ISBN __
a ISBN 978-5-8159-1519-0 (в пер.)
d Цена 379-70
100 Данные общей обработки __
a Данные общей обработки 19190704d2018||||||| 0rusy0189 ca
101 Язык документа 0_
a Язык текста rus
102 Страна публикации __
a Страна публикации ru
102 Страна публикации __
a Страна публикации RU
105 Кодированные данные (монография) __
a Кодированные данные (монография) #||||||||||zy
200 Заглавие и сведения об ответственности 1_
a Заглавие От первого лица
f Первые сведения об ответственности Михаил Шевелев
b Общее обозначение материала Текст
210 Выходные данные __
a Место издания Москва
c Издательство Захаров
d Дата издания 2018
215 Физическое описание __
a Объем 150, [1] с.
d Формат 21 см
330 Аннотация __
a Аннотация Самая логичная, последовательная и цепкая вещь в жизни - история. Она не знает исключения из правила: все имеет свои корни, случайностей не бывает. Просто некоторые счастливо избегают возможности убедиться в этом на личном опыте. Герои первой книги этой серии от встречи с прошлым уклониться не смогли. История позднего Советского Союза, превратившегося в постсоветское нечто, мир грязных денег, перетекающих из одной страны в другую, и тех, кто этими "перетеканиями" управляет, - все это стало их личной драмой. За ними остался только выбор - сдаться или сопротивляться. И эту дилемму им предстоит решать еще долго.
333 Примечание о целевом назначении __
a Примечание о целевом назначении 16+. Для детей старше 16 лет
606 Тематические рубрики __
a Основная рубрика Художественная литература
606 Тематические рубрики __
a Основная рубрика Современная русская литература (произведения)
610 Ключевые слова __
a Ключевые слова проза
610 Ключевые слова __
a Ключевые слова современная проза
610 Ключевые слова __
a Ключевые слова тема жизни
610 Ключевые слова __
a Ключевые слова тема людей
610 Ключевые слова __
a Ключевые слова тема правительства
610 Ключевые слова __
a Ключевые слова тема политики
610 Ключевые слова __
a Ключевые слова тема бизнеса
686 Индексы других классификаций __
2 Код системы rubbks
a Классификационный индекс 84(2=411.2)6-4; ст84(2=411.2)6-4
700 Автор _1
a Фамилия Шевелев
b Имя М.
f Даты 1959-
g Полное личное имя Михаил
4 Код отношения 070
801 Источник записи _0
a Страна ru
b Организация Муниципальное бюджетное учреждение культуры "Централизованная библиотечная система" г. Сургут (Центральная городская библиотека им. А. С. Пушкина)
c Дата составления 20190704
g Правила каталогизации PSBO
801 Источник записи _1
a Страна ru
b Организация Муниципальное бюджетное учреждение культуры "Централизованная библиотечная система" г. Сургут (Центральная городская библиотека им. А. С. Пушкина)
c Дата составления 20190704
g Правила каталогизации PSBO
852 Данные о местонахождении __
j Шифр хранения 84(2=411.2)6-4
i Авторский знак Ш 37
901 Тип документа __
t Тип документа m
a Ответственный ООФиК/Волкова
903 Характеристики (МАРС) __
a Дата передачи 20190704
990 Данные о заказе (DOS) __
j Количество экземпляров (DOS) 2
t N записи в КСУ для И/У (DOS) 201907